Kultúrne centrum - Trenčín

Enregistré dans:
Détails bibliographiques
Auteur principal: Gáborová, Dominika (Auteur)
Autres auteurs: Polakovič, Štefan (Directeur de thèse)
Format: Manuscrit Livre
Langue:slovaque
Publié: Bratislava 2017
Sujets:
Accès en ligne:http://is.stuba.sk/zp/portal_zp.pl?podrobnosti=128297
Tags: Ajouter un tag
Pas de tags, Soyez le premier à ajouter un tag!

MARC

LEADER 00000ntm a22000003a 4500
001 stuzp63760
003 SK-STU
005 20210212130659.2
007 ta
008 150427s2015----xo-----f-mn---000-0-slo-d
040 |a STU  |b slo 
041 0 |a slo 
100 1 |a Gáborová, Dominika  |u 058180  |4 aut  |U FAD Fakulta architektúry  |T FA Ústav architektúry občianskych budov  |X 61948  |U A8180  |Y 399  |7 61948 
242 0 1 |a Cultural centre  |y eng 
245 1 0 |a Kultúrne centrum - Trenčín 
260 |c 2017  |a Bratislava 
650 4 |a multifunkčná hala  |2 slo 
650 4 |a kultúra  |2 slo 
650 4 |a efektívnosť  |2 slo 
650 4 |a multifunction hall  |2 eng 
650 4 |a efficiency  |2 eng 
650 4 |a culture  |2 eng 
700 1 |a Polakovič, Štefan  |u 058180  |k Z2  |4 ths  |U FAD Fakulta architektúry  |T FA Ústav architektúry občianskych budov  |X 70902  |U A8180  |Y 399  |7 A000070902 
856 4 |u http://is.stuba.sk/zp/portal_zp.pl?podrobnosti=128297  |u https://opac.crzp.sk/?fn=detailBiblioForm&sid=E7FF18FD4FFD5019DBFAE83CC38C